Normal view MARC view
  • Ahsan, Momina

Entry Personal Name

Number of records used in: 1

001 - CONTROL NUMBER

  • control field: 130546

003 - CONTROL NUMBER IDENTIFIER

  • control field: NUST

005 - DATE AND TIME OF LATEST TRANSACTION

  • control field: 20250922110954.0

008 - FIXED-LENGTH DATA ELEMENTS

  • fixed length control field: 250922|| aca||aabn | a|a d

040 ## - CATALOGING SOURCE

  • Original cataloging agency: NUST
  • Transcribing agency: NUST

100 ## - HEADING--PERSONAL NAME

  • Personal name: Ahsan, Momina

670 ## - SOURCE DATA FOUND

  • Source citation: Work cat.: (NUST): Ahsan, Momina, Multilingual Digital Discourse: Detection and Analysis Using LLMs/
© 2023 Central Library, National University of Sciences and Technology. All Rights Reserved.